<?xml version="1.0" encoding="UTF-8"?>
<record
    xmlns:xsi="http://www.w3.org/2001/XMLSchema-instance"
    xsi:schemaLocation="http://www.loc.gov/MARC21/slim http://www.loc.gov/standards/marcxml/schema/MARC21slim.xsd"
    xmlns="http://www.loc.gov/MARC21/slim">

  <leader>01151nam a2200277 a 4500</leader>
  <controlfield tag="001">BRCA_1470</controlfield>
  <controlfield tag="005">20190320203436.0</controlfield>
  <controlfield tag="008">171105s1996----mx-a######---#000-0#spa-d</controlfield>
  <datafield tag="020" ind1=" " ind2=" ">
    <subfield code="a">9686191518</subfield>
  </datafield>
  <datafield tag="041" ind1=" " ind2=" ">
    <subfield code="a">spa</subfield>
  </datafield>
  <datafield tag="044" ind1=" " ind2=" ">
    <subfield code="a">mx</subfield>
  </datafield>
  <datafield tag="050" ind1=" " ind2="4">
    <subfield code="a">N7914</subfield>
    <subfield code="b">.D66 1996</subfield>
  </datafield>
  <datafield tag="245" ind1="1" ind2="0">
    <subfield code="a">Dones y promesas</subfield>
    <subfield code="b">500 a&#xF1;os de arte ofrenda (exvotos mexicanos)</subfield>
    <subfield code="c">traducci&#xF3;n del franc&#xE9;s al espa&#xF1;ol Leticia Leduc ; revisi&#xF3;n de textos Luc&#xED;a Garc&#xED;a-Noriega y Nieto ... [et al.].</subfield>
  </datafield>
  <datafield tag="260" ind1=" " ind2=" ">
    <subfield code="a">M&#xE9;xico</subfield>
    <subfield code="b">Centro Cultural/Arte Contempor&#xE1;neo : Fundaci&#xF3;n Cultural Televisa</subfield>
    <subfield code="c">1996</subfield>
  </datafield>
  <datafield tag="300" ind1=" " ind2=" ">
    <subfield code="a">279 p.</subfield>
    <subfield code="b">il. a color</subfield>
    <subfield code="c">29 cm.</subfield>
  </datafield>
  <datafield tag="500" ind1=" " ind2=" ">
    <subfield code="a">Cat&#xE1;logo de la exposici&#xF3;n realizada en el Centro Cultural/Arte Contempor&#xE1;neo, marzo - septiembre, 1996</subfield>
  </datafield>
  <datafield tag="500" ind1=" " ind2=" ">
    <subfield code="a">Incluye cat&#xE1;logo de obra</subfield>
  </datafield>
  <datafield tag="504" ind1=" " ind2=" ">
    <subfield code="a">Bibliograf&#xED;a: p. 263-265</subfield>
  </datafield>
  <datafield tag="650" ind1="1" ind2="4">
    <subfield code="a">Exvotos en el arte</subfield>
    <subfield code="v">Exposiciones</subfield>
    <subfield code="9">4807</subfield>
  </datafield>
  <datafield tag="650" ind1="1" ind2="4">
    <subfield code="a">Arte</subfield>
    <subfield code="v">Exposiciones</subfield>
    <subfield code="z">M&#xE9;xico</subfield>
    <subfield code="9">3600</subfield>
  </datafield>
  <datafield tag="700" ind1="1" ind2=" ">
    <subfield code="a">Leduc, Leticia</subfield>
    <subfield code="9">1968</subfield>
  </datafield>
  <datafield tag="700" ind1="1" ind2=" ">
    <subfield code="a">Garc&#xED;a-Noriega y Nieto, Luc&#xED;a</subfield>
    <subfield code="9">3988</subfield>
  </datafield>
  <datafield tag="710" ind1="2" ind2=" ">
    <subfield code="a">Centro Cultural/Arte Contemp&#xF3;raneo (M&#xE9;xico)</subfield>
    <subfield code="9">3725</subfield>
  </datafield>
  <datafield tag="710" ind1="2" ind2=" ">
    <subfield code="a">Fundaci&#xF3;n Cultural Televisa (M&#xE9;xico)</subfield>
    <subfield code="9">4808</subfield>
  </datafield>
  <datafield tag="942" ind1=" " ind2=" ">
    <subfield code="2">lcc</subfield>
    <subfield code="c">B</subfield>
  </datafield>
  <datafield tag="999" ind1=" " ind2=" ">
    <subfield code="c">1332</subfield>
    <subfield code="d">1332</subfield>
  </datafield>
  <datafield tag="952" ind1=" " ind2=" ">
    <subfield code="0">0</subfield>
    <subfield code="1">0</subfield>
    <subfield code="4">0</subfield>
    <subfield code="7">0</subfield>
    <subfield code="a">BRCA</subfield>
    <subfield code="b">BRCA</subfield>
    <subfield code="d">2008-06-26</subfield>
    <subfield code="l">0</subfield>
    <subfield code="o">N7914 .D66 1996</subfield>
    <subfield code="p">01798</subfield>
    <subfield code="r">2019-03-22 00:00:00</subfield>
    <subfield code="w">2019-03-22</subfield>
    <subfield code="y">B</subfield>
  </datafield>
</record>
